Miesto a úloha taktickej skupiny v obrane povstaleckého územia

Podrobná bibliografia
Hlavný autor: Šimunič, Pavel, 1952- (Autor)
Médium: Článok
Jazyk:slovenčina
PhysicalDescription:Res. rus., franc., lit. 67 zázn. v slov.
Predmet:

MARC

LEADER 00000nab a2200000 a 4500
001 vtls000168851
003 SK-MaSNL
005 20260304063424.0
008 250422c1983 xo 0 slo
015 |a SNBRB19rr/mm-uuuuu 
035 |a CL0178962 
035 |a (urnnbn)urn:nbn:sk:snk:ar-003ygu 
035 |a (uuid)4e58d81e-678b-4ea2-b71c-707d28410994 
035 |a urn:nbn:sk:snk-ab7ube 
040 |a SNKBUCL  |b slo  |c SNKBUCL  |e AACR2 
041 0 |a slo 
044 |a xo  |c SK 
080 |a 943.76:355.4  |2 1981 
080 |a 355.4  |2 1981 
100 1 |a Šimunič, Pavel,  |d 1952-  |4 aut  |9 115363 
245 1 0 |a Miesto a úloha taktickej skupiny v obrane povstaleckého územia  |c Pavol Šimunič 
300 |b Res. rus., franc., lit. 67 zázn. v slov. 
650 0 7 |a Slovenské národné povstanie (1944)  |2 snkbucl  |9 177948 
655 7 |a články z novín a časopisov  |2 snkbucl  |9 267496 
773 0 |t Historický časopis  |g Roč. 31, č. 4 (1983), s. 571-597 
850 |a Slovenská národná knižnica 
852 |a Slovenská národná knižnica 
954 |a odborná, vedecká literatúra pôvodná (slovenská)  |2 lita 
958 |a article9 
958 |a OND 
958 |a RK 
958 |a EUIPO 
992 |a RBX 
999 |c 2742521  |d 2744451